Lieux dans les noms de communes - Carte - Statistiques

Statistiques générales
  • Ce quiz a été pris 180 fois
  • Le résultat moyen est 13 sur 24
Réponses sur la Carte
Les réponses sont colorées sur une échelle allant du rouge au vert en fonction du pourcentage des utilisateurs qui les ont devinées à leur premier essai. Vous pouvez retrouver ces pourcentages ci-dessous.
 
Statistiques - réponses
# Plus grande commune
(habitants)
Lieux % Correct
78 Vitry-sur-...(96 205) Seine
99%
73 Saint-Sébastien-sur-...(28 283) Loire
97%
18 Tournon-sur-...(11 191) Rhône
90%
33 Chalon-sur-...(45 031) Saône
89%
55 Champigny-sur-...(77 724) Marne
88%
21 Bourg-en-...(41 525) Bresse
75%
45 Bogny-sur-...(5 006) Meuse
70%
22 Sablé-sur-...(12 096) Sarthe
68%
35 Sucy-en-...44 224) Brie
64%
19 Boulay-...(5 524) Moselle
63%
22 Saint-Florent-sur-...(6 419) Cher
62%
17 Montereau-Fault...(22 259) Yonne
52%
29 Bellerive-sur-...(8 855) Allier
51%
21 Bar-sur-...(4 753) Aube
48%
20 Le Palais-sur-...(5 947) Vienne
47%
19 Chemillé-en-...(21 386) Anjou
44%
17 Chartres-de-...(8 237) Bretagne
36%
23 Magny-en-...(5 788) Vexin
23%
27 Mézidon Vallée d'...(9 579) Auge
22%
17 Janville-en-...(2 512) Beauce
21%
22 Gournay-en-...(5 944) Bray
21%
17 Petit-...(9 625) Caux
19%
21 Clermont-en-...(1 438) Argonne
15%
17 Labastide-d'...(688) Armagnac
14%
Aucun quiz correspondant
Distribution des résultats
% des personnes avec chaque résultat
Percentile par nombre de réponses
Votre historique - résultats
Vous n’avez pas pris ce quiz